| 000 | 00521nam a22002177a 4500 | ||
|---|---|---|---|
| 003 | UA-OsUOA | ||
| 001 | 38622 | ||
| 007 | ta | ||
| 008 | 20060517b un ||||| |||| 00| 0 ukr d | ||
| 100 | _aНагребецька Ірина | ||
| 090 |
_a32 _bН11 |
||
| 942 | _cSA | ||
| 040 |
_aUA-OsUOA _bukr _cUA-OsUOA _dUA-OsUOA |
||
| 245 | _aКрок уперед - два кроки на місці | ||
| 300 | _a6 с. | ||
| 955 | _a0 | ||
| 041 | _aukr | ||
| 080 | _a32 | ||
| 773 | 0 | _w38618 | |
| 650 | 7 |
_a32 Політика _2UDC |
|
| 999 |
_c324772 _d324772 |
||